000 00805nam a2200253 c 4500
999 _c59510
_d59510
003 BLK
005 20181029154549.0
008 180408b bul|||||r ||||||| ||bul||
010 _aKNG00063612000
040 _aBLK
041 _aFRE
_cFRE
080 _aХранителни продукти. Приготвяне на храната
_b641
_x(02)
_z641(02)
139 _aEncyclopedie culinaire quillet
_bЕ 58
245 1 0 _aEncyclopedie culinaire quillet
_csous la dir. de Amelie R. Anderson-Seidler.
260 _bAristide Quillet
_c1967
300 _a535 с.
_c32 см
380 _a62
700 1 _aAnderson-Seidler, Amelie R.
_esous la dir. de
_9369781
852 _aЦб ІІ 4016
856 4 _qpdf
856 4 _qpdf
942 _cKNG
_n0
944 _aCR
_c13.06.2004
_kЧиталня
944 _aED
_c13.06.2004
999 _d59510